00718nam a2200205 a 450000100100000000500170001000800410002702000150006804000250008308200180010810000370012624500570016326000710022030000200029149000360031150000590034765000340040665000360044083000360047600001921020200929165942.0100528s1986 sp r 000 p spa d a8400063414 aDO-SdBNPbspacBNPHU a861.44bM764t1 aMontaner Frutos, Alberto,d1963-10aTras sus doradas huellas /cAlberto Montaner Frutos. aZaragoza, España :bInstitución Fernando el Católico,c1986. a55 p. ;c25 cm.1 aColección San Jorge ;vno. 48 aIncluye referencia biográfica del autor en la solapa 4aPoesía españolaySIGLO XX 4aLiteratura españolaySIGLO XX 0aColección San Jorge ;nno. 48